000
00257nam a2200109Ia 4500
008
231011s9999 xx 000 0 und d
041
_a
eng
100
_a
M. Vygodsky.
245
_a
Mathematical Handbook.
260
_b
MIR Publishar Moscow. -
365
_b
12
999
_c
883340
_d
883340